[Event "HUN-ch Rapid 2020"]
[Site "Ajka"]
[Date "2020.07.18"]
[Round "6.14"]
[White "Fancsy, Imre"]
[Black "Karacsonyi, Gellert"]
[Result "1/2-1/2"]
[WhiteElo "2352"]
[BlackElo "2292"]
[Annotator "TA"]
[PlyCount "47"]
[EventDate "2020.07.17"]
[EventType "swiss"]
[EventCountry "HUN"]
[SourceTitle "playchess.com"]
[Source "ChessBase"]
[SourceQuality "1"]

{[%evp 18,47,20,20,37,0,-5,-20,0,-52,35,-11,37,40,40,-33,-27,0,0,0,60,49,74,27,87,59,108,89,95,58,73,68]} 1. Nf3 c5 2. c4 Nc6 3. g3 g6 4. Bg2 Bg7 5. Nc3 e5 6. a3 Nge7 7. O-O O-O 8. Rb1 a5 9. Ne1 d6 10. Nc2 f5 {A37: Symmetrical English vs ...g6: 4 Bg2 Bg7 5 Nf3.} 11. Ne3 f4 12. Ned5 Nxd5 {The position is equal.} 13. Nxd5 {[#]} (13. Bxd5+ $11 Kh8 14. d3) 13... Ne7 $146 (13... Nd4 $15) ({Predecessor:} 13... Bg4 14. d3 Nd4 15. f3 Be6 16. e3 Bxd5 17. exd4 Bc6 18. d5 Bd7 19. g4 h5 {0-1 (36) Bidkova,V (2044)-Hrabinska,M (2289) Evpatoria 2007}) 14. e3 {[%cal Re3f4]} Nxd5 15. Bxd5+ Kh8 16. b4 ({White should try} 16. d3 $14) 16... axb4 $15 17. axb4 Bh3 18. Re1 Qd7 ({Black should play} 18... fxg3 $11 19. fxg3 Qf6) 19. exf4 $14 exf4 20. Bb2 fxg3 (20... cxb4 $11 {keeps the balance.} 21. Qb3 Ra4) 21. hxg3 $16 {Threatens to win with bxc5.} Bxb2 22. Rxb2 {[#] bxc5 is the strong threat.} Qg7 23. d4 cxd4 24. Rd2 {Accuracy: White = 47%, Black = 49%.} 1/2-1/2

[Event "HUN-ch Rapid 2020"]
[Site "Ajka"]
[Date "2020.07.18"]
[Round "6.15"]
[White "Seres, Bela"]
[Black "Meszaros, Tamas"]
[Result "0-1"]
[WhiteElo "2148"]
[BlackElo "2378"]
[Annotator "TA"]
[PlyCount "86"]
[EventDate "2020.07.17"]
[EventType "swiss"]
[EventCountry "HUN"]
[SourceTitle "playchess.com"]
[Source "ChessBase"]
[SourceQuality "1"]

{[%evp 9,86,31,30,10,0,-24,-5,-107,-98,-88,-85,-120,0,0,0,-59,-36,-85,-83,-183,-189,-241,-185,-237,-159,-172,-69,-102,-77,-89,-76,-83,0,0,-2,-45,-31,-39,-34,-41,6,0,6,0,44,0,0,-12,-9,-12,23,17,18,12,14,16,7,11,27,0,0,0,20,1,0,0,8,-63,150,168,224,224,224,179,216,202,545,-5381,-5000]} 1. e4 e5 2. Nf3 Nc6 3. Bc4 Nf6 4. d3 h6 5. O-O d6 6. h3 {C55: Two Knights: 4 d3, 4 d4 exd4 5 e5 and Max Lange Attack.} g5 {[#]} 7. c3 $146 ({Predecessor:} 7. Nh2 Bg7 8. Nc3 Na5 9. Bb3 Nxb3 10. axb3 c5 11. Be3 Be6 12. Qd2 Nh5 13. Ne2 Nf4 {0-1 (143) Lama,M (1897)-Navalgund,N (2240) Mumbai 2019}) 7... g4 8. Nh4 (8. hxg4 $11 Bxg4 9. Nbd2) 8... gxh3 $17 9. g3 Rg8 10. Nd2 d5 (10... Ng4 $17 11. Ndf3 Qf6) 11. exd5 $11 Nxd5 12. Kh2 ({White should try} 12. Qb3 $11 Na5 13. Qa4+ Nc6 14. Qb3) 12... Be6 $15 13. Qf3 Qd7 14. Qe2 (14. Bxd5 $17 Bxd5 15. Ne4) 14... O-O-O $19 15. Nhf3 (15. Ne4 {is a better defense.} Be7 16. Qh5) 15... Bg4 16. Bb5 (16. Re1 {was worth a try.}) 16... Nb6 17. a4 {[#]} Qd5 ({Better is} 17... a6 $1 $19 {[%cal Ra6b5]} 18. Bxc6 Qxc6) 18. c4 Nd4 {[%cal Rd4f3]} ({Worse is} 18... Qxd3 19. Qxd3 Rxd3 20. Bxc6 $16) 19. cxd5 Nxe2 20. Nxe5 {[#]} Rxd5 (20... a6 $1 $17 {[%cal Ra6b5]} 21. Ne4 axb5) 21. Nxg4 $11 Rxg4 22. Ne4 {aiming for Nf6.} (22. Nc4 $5 {[%cal Rc4e3]}) 22... Rg6 23. Be8 {Hoping for a5.} Rf5 24. Be3 Kd8 25. Bb5 {d4 is the strong threat.} Rd5 26. Rad1 {Threatens to win with d4.} Nd4 27. Bc4 (27. Nc3 $5 {[%cal Rc3d5]} Nf3+ 28. Kh1 $14) 27... Rd7 28. a5 {Strongly threatening Bxd4.} Nxc4 29. dxc4 Nf3+ 30. Kxh3 Ne5 31. Rxd7+ Kxd7 32. Rd1+ Kc8 33. b3 Bb4 (33... Nc6 {is interesting.} 34. Rd5 Re6 35. Nc3 Bb4 36. Na2 Bxa5 37. Rf5 f6) 34. Bd2 (34. Rd5 {with more complications.} Nc6 35. a6 bxa6 36. Rf5 Re6 37. Nc5) 34... Bxd2 35. Rxd2 {[%mdl 4096] Endgame KRN-KRN} b6 36. a6 Nc6 37. Nc3 Nb4 38. Nd5 (38. Nb5 $11) 38... Nxd5 $2 (38... Rd6 $15 {keeps the upper hand.}) 39. Rxd5 $16 Re6 (39... Rf6 $142) 40. Rf5 $18 Re7 41. Kh4 Kd7 42. Kh5 Ke6 $2 (42... Ke8 {is tougher.} 43. Kxh6 Re6+ 44. Kg5 Ke7) 43. Kxh6 $4 {[%mdl 8192]} (43. g4 $18) 43... Kxf5 {Never resign too early! Accuracy: White = 53%, Black = 61%.} 0-1

[Event "HUN-ch Rapid 2020"]
[Site "Ajka"]
[Date "2020.07.18"]
[Round "6.16"]
[White "Havanecz, Bianka"]
[Black "Emodi, Barnabas"]
[Result "1-0"]
[WhiteElo "2251"]
[BlackElo "2352"]
[Annotator "TA"]
[PlyCount "83"]
[EventDate "2020.07.17"]
[EventType "swiss"]
[EventCountry "HUN"]
[SourceTitle "playchess.com"]
[Source "ChessBase"]
[SourceQuality "1"]

{[%evp 9,83,66,114,103,90,31,29,27,41,26,43,10,10,10,29,8,74,12,6,2,143,102,91,74,66,66,72,75,74,101,118,112,217,214,289,303,301,271,244,207,254,209,193,216,206,175,187,166,177,169,256,178,197,116,203,89,72,-277,-277,-319,-315,-305,-305,-335,-285,-274,-281,-301,-256,-262,-116,-120,0,0,29998,29999]} 1. d4 c5 2. d5 f5 3. c4 e6 4. Nc3 Nf6 5. Nf3 exd5 6. cxd5 {A43: Schmid Benoni.} d6 7. Bf4 (7. e4 $16) 7... Be7 $14 8. h3 {[#] White has an edge.} O-O $146 ({Predecessor:} 8... Bd7 9. e3 Ne4 10. Bd3 Nxc3 11. bxc3 b5 12. O-O c4 13. Be2 g5 14. Bh2 g4 15. hxg4 fxg4 {1-0 (32) Speisser,P-Lehmann,H ICCF corr 1998}) 9. e3 Na6 10. Be2 Nc7 11. O-O b6 12. Qb3 Rb8 (12... Kh8 $11) 13. a4 (13. Ne5 $1 $16 {[%cal Re5c6] Strongly threatening Nc6.} dxe5 14. d6+ {[%mdl 64] Double Attack, Discovered Attack} Be6 15. dxc7 Bxb3 16. Bxe5 (16. cxd8=R Rbxd8 17. axb3 exf4 $14)) 13... a6 $11 14. Rfd1 $36 {[%mdl 2048] White is pushing.} Bd7 (14... Kh8 $11 {keeps the balance.}) 15. Ng5 b5 16. axb5 axb5 17. Ne6 Bxe6 $1 18. dxe6 {Rxd6! is the strong threat.} c4 19. Qc2 g6 20. Bf3 Re8 (20... Nxe6 $16 21. Nxb5 Nxf4) 21. Bc6 Nxe6 22. Bxe8 (22. Bxb5 $6 Nxf4 23. exf4 (23. Bxe8 Nxh3+ 24. gxh3 Qxe8 $18) 23... Rf8 $18) 22... Nxe8 23. Nd5 Bf8 24. Bg3 Rb7 25. b3 Nc5 26. bxc4 b4 {[%cal Bb5b4,Bb4b3][%mdl 32]} 27. Rab1 b3 28. Qe2 Bg7 29. f3 Ra7 (29... Qd7 $142 30. Be1 Nc7) 30. Be1 Ra2 {[#]} 31. Rd2 ({White should play} 31. Qf1 $1 $18) 31... Qa5 (31... Qa8 $16) 32. Rxb3 (32. Rxa2 $18 {is more deadly.} Qxa2 33. Qd1) 32... Rxd2 $16 {[#]} 33. Bxd2 $4 {[%mdl 8192]} ({Don't go for} 33. Ne7+ $2 Kf7 $19) (33. Rb8 $1 $16 {[%cal Rb8e8] is necessary to keep the advantage.} Rxe2 34. Rxe8+ (34. Bxa5 $2 {perishes.} Kf7 $19) 34... Kf7 35. Re7+ (35. Bxa5 $2 {too greedy.} Kxe8 36. g4 fxg4 $19) 35... Kg8 36. Re8+ (36. Bxa5 Be5 $16) 36... Kf7 37. Re7+ (37. Bxa5 $2 Kxe8 38. g4 Rc2 $19) 37... Kg8 38. Bxa5) 33... Qa1+ $19 34. Kh2 {Threatens to win with Rb8.} Nxb3 35. Bb4 Nc5 36. Qd2 Qe5+ 37. Kg1 Nf6 38. Nf4 g5 39. Bc3 Nfe4 (39... Qe7 $19 {and Black stays clearly on top.} 40. Ne2 Nfd7) 40. fxe4 $17 Qxc3 ({Better is} 40... Nxe4 $17 41. Bxe5 Nxd2 42. Bxg7 Kxg7) 41. Qd5+ $11 {[%mdl 64] Double Attack} Kh8 $2 {[%mdl 8192]} (41... Kf8 $11 42. Qxd6+ Ke8 43. Qxc5 gxf4 44. Qc6+ Kf8 45. Qd6+ Ke8 46. Qe6+ Kd8 47. Qd6+ Ke8 48. Qe6+ Kd8 49. Qd6+ Ke8) 42. Qa8+ {Accuracy: White = 50%, Black = 57%.} 1-0

[Event "HUN-ch Rapid 2020"]
[Site "Ajka"]
[Date "2020.07.18"]
[Round "6.17"]
[White "Csonka, Balazs"]
[Black "Krstulovic, Alex"]
[Result "1/2-1/2"]
[WhiteElo "2498"]
[BlackElo "2338"]
[Annotator "TA"]
[PlyCount "43"]
[EventDate "2020.07.17"]
[EventType "swiss"]
[EventCountry "HUN"]
[SourceTitle "playchess.com"]
[Source "ChessBase"]
[SourceQuality "1"]

{[%evp 16,43,27,27,13,15,15,6,16,6,27,9,6,0,24,9,13,7,16,4,11,-17,-24,-16,-23,-20,-10,-41,-51,-40]} 1. e4 c6 2. Nc3 d5 3. Nf3 dxe4 4. Nxe4 Nf6 5. Nxf6+ exf6 6. Bc4 Bd6 7. Qe2+ Be7 8. O-O O-O 9. d4 Re8 {B15: Caro-Kann: 3 Nc3: 3...g6 and 3...dxe4 4 Nxe4 Nf6 5 Nxf6+ exf6.} 10. Re1 Nd7 {[%cal Bb8d7,Bd7f8,Bf8g6][%mdl 32]} 11. h3 Nf8 {The position is equal.} 12. Be3 {[#]} Ng6 $146 ({Predecessor:} 12... Be6 13. Bb3 Bd6 14. Qd2 Ng6 15. Rad1 Qd7 16. Bxe6 fxe6 17. c4 Qc7 18. Qc3 Qf7 {1-0 (66) Lazic,D (2325)-Gajic,B (2171) Vrnjacka Banja 2006}) 13. Rad1 Bd6 14. Qd3 Qc7 (14... b5 $5 15. Bb3 $8 Rb8 $14) 15. Bb3 Bd7 16. c4 Rad8 17. c5 Bf4 18. Bc4 Bxe3 19. Rxe3 Nf4 20. Rxe8+ Rxe8 21. Qd2 Be6 22. Re1 {Accuracy: White = 80%, Black = 100%.} 1/2-1/2

[Event "HUN-ch Rapid 2020"]
[Site "Ajka"]
[Date "2020.07.18"]
[Round "6.18"]
[White "Dobos, Jozsef"]
[Black "Juhasz, Barbara"]
[Result "1/2-1/2"]
[WhiteElo "2254"]
[BlackElo "2223"]
[Annotator "TA"]
[PlyCount "104"]
[EventDate "2020.07.17"]
[EventType "swiss"]
[EventCountry "HUN"]
[SourceTitle "playchess.com"]
[Source "ChessBase"]
[SourceQuality "1"]

{[%evp 9,104,0,8,1,7,0,0,0,0,0,8,-8,10,-6,-12,-15,0,-9,0,-30,-27,-51,-41,-43,-36,-74,-79,-64,-77,-79,-85,-63,0,-67,-75,-63,-40,-50,-50,-50,-56,-100,-100,-101,-99,-100,-99,-92,-92,-120,-143,-1509,-1471,-29989,-99,-456,-434,-432,-426,-448,-439,-426,-411,-621,-621,-895,-611,-594,-470,-1904,0,-548,0,-969,-601,-839,-824,-853,-836,-820,-737,-820,-808,-786,-712,-642,-600,-591,-566,-576,-375,-353,0,-516,0,-335,0]} 1. d4 Nf6 2. Bf4 g6 3. Nc3 d5 4. e3 Bg7 5. h4 h5 6. Nf3 {A45: Trompowsky Attack.} c6 7. Be2 Nbd7 8. Ne5 {The position is equal.} Nxe5 9. Bxe5 Kf8 {[#]} 10. f3 $146 ({Predecessor:} 10. Qd2 b5 11. f3 a5 12. O-O-O Qb6 13. Bd3 a4 14. Ne2 b4 15. Nf4 c5 16. Bxf6 Qxf6 17. Nxd5 {1-0 (33) Abasov,N (2587)-Valsecchi,A (2508) Antalya 2017}) 10... b5 11. a3 Nd7 12. Bxg7+ Kxg7 13. e4 dxe4 14. Nxe4 Nf6 15. Nxf6 exf6 16. Qd2 Be6 17. b3 Qd6 18. Kf2 Rhd8 19. Rhd1 Qh2 20. Rh1 Qd6 21. Rhd1 $1 a5 22. g3 b4 (22... Ra7 {with more complications.} 23. Bf1 Rad7 24. Qe3 Qc7 25. b4 Ra8) 23. axb4 axb4 24. Rxa8 Rxa8 25. c4 bxc3 $1 26. Qxc3 Ra2 27. b4 Bd5 28. Rd2 Ra8 29. Qc5 Qe6 30. Bd3 $2 {[%mdl 8192]} (30. Qc1 $17) 30... Qh3 $19 31. Bf1 Qf5 $2 (31... Qh2+ {mates} 32. Bg2 Ra1 33. g4 Qxh4+ {[%mdl 64] Double Attack} 34. Ke3 Qe1+ 35. Kd3 Ra3+ 36. Qc3 Be4+ $1 {[%mdl 512]} 37. fxe4 Qg3+ {[%mdl 64] Double Attack} 38. Bf3 Qxf3+ 39. Kc2 Qxc3+ 40. Kd1 hxg4 41. Rg2 Ra1+ 42. Ke2 Re1+ 43. Kf2 Qe3#) 32. Bg2 $2 {[%mdl 8192]} (32. Qc3 $17 {nothing else works.}) 32... Ra3 33. b5 Rxf3+ 34. Bxf3 Qxf3+ {[%mdl 4096] Endgame KQR-KQB} 35. Ke1 cxb5 {Threatens to win with ...Qh1+.} 36. Qxb5 (36. Rf2 $142 Qb3 37. Re2) 36... Qxg3+ {[%mdl 64] Double Attack} 37. Kd1 Bb3+ 38. Ke2 Be6 39. Kd1 (39. Qd3 $142 Bg4+ 40. Kf1 Qxh4 41. Qe3) 39... Bb3+ (39... Qg1+ $142 40. Kc2 Bf5+ 41. Kc3 Qc1+ 42. Rc2 Qxc2+ 43. Kb4 Qb2+ 44. Kc5 Qxb5+ 45. Kxb5 g5 46. hxg5 fxg5 47. Kc6 g4 48. Kd6 g3 49. Kd5 h4 50. Ke5 g2 51. Kxf5 g1=Q 52. Ke5 h3 53. Kd5 h2 54. Kc4 h1=Q 55. d5 Qe4+ 56. Kb5 Qxd5+ 57. Ka6 Qa1+ 58. Kb6 Qaa5#) 40. Ke2 Be6 (40... Qh2+ $142 41. Kd3 Qh3+ 42. Ke2 Be6) 41. Kd1 $1 Bf5 {And now ...Qg1+ would win.} 42. Qb4 Qxh4 43. Kc1 Qh1+ 44. Kb2 Qe4 45. Ka3 Qe3+ 46. Kb2 Qe1 47. d5 Qb1+ 48. Kc3 {Threatening Qxb1.} Qa1+ 49. Qb2 Qa5+ 50. Qb4 Qa1+ (50... Qa6 $142 51. d6 h4 $1 {[%mdl 512]}) 51. Qb2 $1 {[%cal Rb2a1]} Qa5+ 52. Qb4 Qa1+ $2 {Accuracy: White = 54%, Black = 69%.} (52... Qa6 $19 53. d6 {[#]} h4 $1 {[%mdl 512]}) 1/2-1/2

[Event "HUN-ch Rapid 2020"]
[Site "Ajka"]
[Date "2020.07.18"]
[Round "6.19"]
[White "Seres, Lajos"]
[Black "Varga, Marcell"]
[Result "1-0"]
[WhiteElo "2418"]
[BlackElo "1685"]
[Annotator "TA"]
[PlyCount "27"]
[EventDate "2020.07.17"]
[EventType "swiss"]
[EventCountry "HUN"]
[SourceTitle "playchess.com"]
[Source "ChessBase"]
[SourceQuality "1"]

{[%evp 11,27,56,39,54,106,110,125,87,206,212,328,314,483,483,649,643,680,602]} 1. d4 Nf6 2. Nf3 e6 3. g3 d5 4. Bg2 c5 5. O-O b6 6. c4 Bb7 7. cxd5 {E16: Queen's Indian: 4 g3 Bb7 5 Bg2 Bb4+.} Bxd5 (7... exd5 $14 8. Nc3 Nbd7) 8. Nc3 $16 Bc6 9. Bg5 {[#] White is better.} Nbd7 $146 (9... Be7 $16 {was worth a try.}) ({Predecessor:} 9... cxd4 10. Nxd4 Bxg2 11. Kxg2 Be7 12. Qa4+ Qd7 13. Ndb5 O-O 14. Rfd1 Qb7+ 15. f3 a6 {1-0 (31) Marentini,M (2030)-Rohfleisch,D (1820) London 2018}) 10. e4 $18 {[#] Strongly threatening d5.} Be7 (10... cxd4 $142 11. Nxd4 Bb7) 11. d5 exd5 (11... Bb7 $142 12. d6 Bf8) 12. exd5 {White is clearly winning.} Nxd5 13. Nxd5 Bxg5 14. Nxg5 {Black did not feel at home in the position after the opening.} 1-0

[Event "HUN-ch Rapid 2020"]
[Site "Ajka"]
[Date "2020.07.18"]
[Round "6.20"]
[White "Persanyi, Barnabas"]
[Black "Horvath, Jozsef"]
[Result "1/2-1/2"]
[WhiteElo "2370"]
[BlackElo "2438"]
[Annotator "TA"]
[PlyCount "84"]
[EventDate "2020.07.17"]
[EventType "swiss"]
[EventCountry "HUN"]
[SourceTitle "playchess.com"]
[Source "ChessBase"]
[SourceQuality "1"]

{[%evp 18,84,-1,-8,39,37,58,66,74,51,56,56,68,43,37,0,25,14,39,32,60,38,38,0,0,0,0,0,0,-61,-59,-51,-39,-68,-68,-68,-68,-68,-68,-68,-68,-68,-68,-68,-68,-68,-68,-68,-68,-83,-68,-83,-68,-75,-75,-75,-75,-75,-75,-75,-75,-75,-65,-65,-65,-65,-65,-65,-65]} 1. c4 c5 2. Nf3 Nf6 3. g3 g6 4. b3 Bg7 5. Bb2 d6 6. Bg2 e5 7. Nc3 Nc6 8. O-O O-O 9. Ne1 Be6 10. Nd5 Bxd5 {A38: Symmetrical English vs ...g6: 4 Bg2 Bg7 5 Nf3 Nf6.} 11. cxd5 Ne7 12. e4 Nd7 {White is slightly better.} 13. Nc2 f5 14. d3 {[#]} b5 $146 ({Predecessor:} 14... f4 15. Bh3 Kh8 16. Na3 Rf6 17. Qg4 Nf8 18. Bc1 Bh6 19. Bd2 g5 20. gxf4 gxf4 21. Qh4 Nxd5 {0-1 (21) Grand,P-Sylvain,T France 1994}) 15. f3 a5 16. a3 {[%cal Ba2a3,Ba3a4][%mdl 32]} Nb6 17. Kh1 h5 18. a4 b4 19. Bc1 Kh7 20. Ne3 f4 21. Nc4 Nxc4 22. dxc4 Qd7 23. Kg1 (23. Rg1 $11) 23... g5 $15 24. Ra2 Ng6 25. Kf2 Bh6 26. Ke1 Rf6 27. g4 hxg4 28. fxg4 Bf8 29. Bf3 Be7 30. h3 Rh8 31. Rh2 Kg8 32. Rfh1 Rf7 33. Ke2 Kf8 34. Bd2 Ke8 35. Be1 Kd8 36. Bf2 Kc7 37. Qf1 Kb6 38. Qd1 Rfh7 39. Qf1 Nh4 40. Bxh4 {Black is slightly better.} Rxh4 41. Qg2 Bf6 42. Kd1 R8h7 {Accuracy: White = 82%, Black = 87%.} 1/2-1/2

[Event "HUN-ch Rapid 2020"]
[Site "Ajka"]
[Date "2020.07.18"]
[Round "6.21"]
[White "Molnar, Bela"]
[Black "Kovacsy, Barnabas"]
[Result "0-1"]
[WhiteElo "2307"]
[BlackElo "2143"]
[Annotator "TA"]
[PlyCount "62"]
[EventDate "2020.07.17"]
[EventType "swiss"]
[EventCountry "HUN"]
[SourceTitle "playchess.com"]
[Source "ChessBase"]
[SourceQuality "1"]

{[%evp 11,62,-72,-76,-86,-93,-89,-108,-92,-62,-64,-33,-109,-80,-82,-93,-83,-76,-152,-147,-197,-195,-262,-248,-310,-197,-342,-336,-340,-322,-298,-210,-216,-219,-285,-167,-331,-333,-320,-325,-451,-444,-466,-460,-681,-466,-1003,-735,-1119,-868,-1073,-1045,-1008,-516]} 1. e4 c5 2. Nc3 Nc6 3. Bb5 Nd4 4. Nf3 e6 5. Nxd4 cxd4 6. Ne2 Qg5 $1 {[%cal Rg5b5][%mdl 64] Double Attack} 7. a4 {B30: Sicilian: 2...Nc6 3 Bb5, lines without ...g6.} Qxg2 8. Ng3 {[#] Strongly threatening Bf1.} Qh3 $1 9. c3 {Black is better.} Bc5 10. b4 Bd6 {[#]} 11. Qe2 $146 {Black converts the advantage convincingly.} (11. cxd4 $15 Ne7 12. Qh5 Qxh5 13. Nxh5) ({Predecessor:} 11. Bf1 Qh4 12. Qe2 dxc3 13. dxc3 Be5 14. Qe3 g5 15. Bg2 Nf6 16. Bd2 d6 17. O-O-O {0-1 (35) Viana da Costa,F (2277)-Maia,L (2269) Sao Paolo 2013}) 11... Be5 12. cxd4 Bxd4 13. Ra3 Qh4 14. Qc4 (14. Rd3 $142 Be5 15. Qh5) 14... Be5 15. a5 Nf6 16. Re3 (16. Qc2 {is a better defense.}) 16... O-O $19 17. d4 Bf4 {White must now prevent ...d5.} 18. Re2 (18. Rf3 {was necessary.} Bxg3 19. fxg3 Qxe4+ {[%mdl 64] Double Attack} 20. Qe2) 18... d5 19. Qc2 Bxc1 20. Qxc1 Nxe4 21. Nxe4 dxe4 22. Qc2 Qe7 (22... a6 $142 23. Ba4 f5) 23. Qc3 $2 (23. Qc5 {is the only way for White.} Qh4 24. Qe5) 23... Bd7 24. Bxd7 Qxd7 25. Rg1 Rac8 {Black is clearly winning.} 26. Qd2 {intending Rxg7+!} f5 27. Re3 (27. Kf1 $142) 27... Qc7 28. Kd1 (28. Kf1 $142) 28... Qc6 {And now ...Qa4+ would win.} 29. Reg3 Rc7 30. Qb2 Qd5 ({Less strong is} 30... f4 {[#]} 31. Rxg7+ $1 {[%mdl 512]} Rxg7 32. Rxg7+ Kh8 33. Rg5 $17) 31. Qd2 Rd8 {Accuracy: White = 21%, Black = 55%.} 0-1

[Event "HUN-ch Rapid 2020"]
[Site "Ajka"]
[Date "2020.07.18"]
[Round "6.22"]
[White "Suranyi, Pal"]
[Black "Varga, Peter"]
[Result "0-1"]
[WhiteElo "2004"]
[BlackElo "2371"]
[Annotator "TA"]
[PlyCount "56"]
[EventDate "2020.07.17"]
[EventType "swiss"]
[EventCountry "HUN"]
[SourceTitle "playchess.com"]
[Source "ChessBase"]
[SourceQuality "1"]

{[%evp 9,56,13,38,22,4,-39,-17,-23,31,-12,-2,-49,-29,-29,-15,-31,-14,-22,-10,-27,8,-8,22,0,-13,-26,-22,-24,-1,-22,-15,-121,-127,-117,-99,-125,-136,-131,-126,-130,-130,-133,-133,-127,-135,-544,-564,-564,-564]} 1. d4 d5 2. Bf4 Nf6 3. e3 c6 4. Bd3 Bg4 5. f3 Bh5 {[#]} 6. Nh3 $146 {D00: 1 d4 d5: Unusual lines.} ({Predecessor:} 6. Ne2 Bg6 7. Bg3 Bxd3 8. Qxd3 Nbd7 9. Nd2 Qa5 10. O-O Rd8 11. Nb3 Qb6 12. a4 {½-½ (56) Kholmirzaev,B (2376)-Khoroshev,N (2314) Tashkent 2015}) 6... Bg6 7. Be2 e6 8. O-O {The position is equal.} h6 (8... c5 $11) 9. Bg3 Bd6 10. Bf2 O-O 11. c4 Nbd7 12. Nc3 Qb8 13. g3 dxc4 14. Bxc4 b5 15. Be2 a6 16. Rc1 c5 17. dxc5 Bxc5 18. Nf4 Bh7 19. Nd3 Rd8 $36 {[%mdl 2048] Black is more active.} 20. Qb3 {[#]} (20. e4 $11) 20... Bxd3 $1 $17 21. Bxd3 Qb6 22. Ne4 Bxe3 23. Nxf6+ Nxf6 ({But not} 23... gxf6 $6 {[#]} 24. Bh7+ $1 {[%mdl 512]} Kxh7 25. Bxe3 $11) 24. Bh7+ Kxh7 25. Bxe3 Qb7 26. Qc2+ Kg8 27. Qc7 $2 {[%mdl 8192]} (27. Qe2 $17) 27... Qxc7 $19 28. Rxc7 Nd5 $1 {[%csl LRc7,LRe3][%mdl 64] Double Attack. Accuracy: White = 57%, Black = 90%.} 0-1

[Event "HUN-ch Rapid 2020"]
[Site "Ajka"]
[Date "2020.07.18"]
[Round "6.23"]
[White "Horvath, Tamas I"]
[Black "Frink, Ferenc"]
[Result "1-0"]
[WhiteElo "2318"]
[BlackElo "2075"]
[Annotator "TA"]
[PlyCount "93"]
[EventDate "2020.07.17"]
[EventType "swiss"]
[EventCountry "HUN"]
[SourceTitle "playchess.com"]
[Source "ChessBase"]
[SourceQuality "1"]

{[%evp 9,93,62,62,62,64,46,53,41,56,50,85,35,60,62,63,26,22,0,40,36,93,104,102,67,148,135,143,133,193,131,240,211,450,447,817,806,829,870,843,841,1219,1236,1057,547,535,600,612,619,599,599,588,567,571,557,606,600,563,593,546,580,560,546,799,721,772,773,854,846,1016,1015,999,936,889,772,1296,1205,2551,2121,29968,29973,29970,29974,29989,29990,29992,29993]} 1. e4 Nc6 2. Nf3 e6 3. d4 d6 4. Nc3 Bd7 5. Be3 Nf6 6. h3 {C01: French: Exchange Variation.} Be7 7. Be2 O-O 8. O-O {White is slightly better.} h6 {[#]} 9. Qd2 $146 ({Predecessor:} 9. Re1 Nh7 10. d5 Ne5 11. Nxe5 dxe5 12. Bc4 Qc8 13. dxe6 Bxe6 14. Bxe6 Qxe6 15. Qd5 Qxd5 16. Nxd5 {1-0 (92) Sandu,M (2228)-Frink,F (2066) Arad 2016}) 9... Nh7 10. Nh2 f5 11. exf5 exf5 12. d5 Ne5 13. f4 Nf7 14. Nf3 Nf6 {[#]} (14... c5 $14) 15. Nd4 $1 $36 {[%mdl 2048] White is on the roll.} Qc8 16. Bf3 Nh7 (16... c5 $14) 17. Rae1 Bf6 18. Bf2 Bxd4 (18... c6 $16 {was worth a try.} 19. dxc6 bxc6) 19. Qxd4 (19. Bxd4 $18 Nh8 20. g3) 19... g5 (19... Nf6 $16 {keeps fighting.} 20. Bh4 Nh8 21. Bxf6 Rxf6) 20. Bh5 ({But not} 20. Re7 Re8) 20... Qd8 $2 {[#]} (20... Re8 21. Be3 Qd8) 21. Re6 $1 $18 {[%mdl 512]} Bxe6 (21... Nh8 $142 22. Rxh6 Qe7 23. Qxh8+ {[%mdl 64] Clearance} Kxh8 24. Bd4+ {[#]} Qg7 $1 {[%mdl 512]} 25. Bxg7+ Kxg7) 22. dxe6 Nh8 23. Nd5 c5 24. Qd2 Rf6 25. e7 Qd7 26. e8=Q+ Rxe8 27. Bxe8 Qxe8 28. Nxf6+ {[%mdl 64] Discovered Attack} Nxf6 29. Qxd6 {[%mdl 64] Double Attack} Ne4 30. Qd5+ Qf7 31. Rd1 Ng6 32. fxg5 hxg5 33. Qxf7+ Kxf7 {[%mdl 4096] Endgame KRB-KNN} 34. Rd7+ {[%mdl 64] Double Attack} Ke6 35. Rxb7 g4 36. hxg4 fxg4 37. Rxa7 g3 38. Be1 Nf4 39. a4 {[%cal Ba2a4,Ba4a5,Ba5a6][%mdl 32]} Ne2+ 40. Kf1 Nd4 41. c3 Nc2 42. Ke2 Kd5 43. a5 Kc6 44. a6 {White mates.} Nd6 45. Bxg3 Na1 46. Bxd6 Kxd6 47. Rh7 {Accuracy: White = 80%, Black = 33%.} 1-0